000 02207cam a22003615a 4500
001 18167055
005 20150805101405.0
008 140528t2015 caua fr 001 0 eng d
020 _a0133987035
020 _a9780133987034
040 _aIMR
_beng
_cIMR
_dEG-ScBUE
082 0 4 _a006.686
_bWEI
_222
100 1 _aWeinmann, Elaine.
_938148
245 1 0 _aIllustrator CC :
_b2014 release for windows and Macintosh /
_cElaine Weinmann, Peter Lourekas, Chad Chelius.
260 _a[San Francisco] :
_bPeachpit Press / Pearson Education,
_cc.2015.
300 _aviii, 472 p. :
_bill. (col.) ;
_c23 cm.
490 0 _aVisual quickstart guide
500 _aIndex : p. 459-472.
500 _aIncludes Appendix.
500 _aBonus download Illustrations.
505 0 _aCreate & save files -- Manage color -- Workspaces -- Panels -- Bridge -- Geometric objects -- Freehand drawing -- Select -- Move, copy and align -- Fill and stroke -- Transform -- Reshape -- Layers -- Appearances -- Effects -- Graphic styles -- Image trace -- Live paint -- Create type -- Style & edit type -- Pen tools -- Acquire images -- Brushes -- Gradients -- Combine paths -- Clipping masks -- Transparency -- Symbols -- Live color -- Preferences -- Print & export -- Appendix.
520 _a"Learn Illustrator - the quick and easy way!. Concise steps and explanations let you get up and running in no time. Whether you're an illustrator newbie or an experienced veteran, this book will teach you all you need to know -- from the basics of layers, freehand drawing, and applying effects to working witht he new Live Corners and Live Shapes, the Pen tool preview, and syncing via the Creative Cloud. Visit the companion Web site at peachpit.com/illustratorccvqs to download 73 illustrations so you can work along with the authors." -- back cover.
630 0 0 _aAdobe Illustrator (Computer file)
_2BUEsh
650 0 _aComputer graphics.
_2BUEsh
650 0 _aComputer drawing.
_2BUEsh
650 0 _aDesktop publishing.
_2BUEsh
651 _2BUEsh
653 _bCOMAME
_bCOMSCI
_cJune2015
_cAugust2015
655 _vreading book
_934232
700 1 _aLourekas, Peter.
700 1 _aChelius, Chad.
942 _2ddc
_k006.686 WEI
999 _c19606
_d19578